| 000 | 01503nam2a2200277 4500 | ||
|---|---|---|---|
| 001 | rc\2994787 | ||
| 005 | 20250807181330.6 | ||
| 035 | _a(NLR Aleph) 007138571 | ||
| 090 |
_a88865 _c88865 |
||
| 100 | _a20110916d1941 u y0rusy50 ca | ||
| 101 | 1 |
_arus _ceng |
|
| 102 | _aRU | ||
| 105 | _ay z ||||| | ||
| 200 | 1 |
_aЖизнь и приключения Николаса Никльби _fПер. А.В. Кривцовой _gРис. Физа |
|
| 210 | _d1941 | ||
| 215 | _a928 с. | ||
| 300 | _aНа обороте тит. л.: The life and adventures of Nicholas Nickleby. By Charles Dickens. 1838-1839 | ||
| 461 | 0 |
_1001rc\2994783 _12001#$aСобрание сочинений$e[Для ст. возраста]. Т. 1-$fПод ред., с биогр. очерком ["Жизнь Чарльза Диккенса" (1812-1870), с. 5-102] и прим. Евгения Ланна$vТ. 3 _1700#1$aДиккенс$bЧ.$gЧарльз$f1812-1870 |
|
| 702 | 1 |
_aКривцова _bА. В. _cпереводчик _f1896-1958 _gАлександра Владимировна _3RU\NLR\AUTH\770153720 _4730 |
|
| 702 | 1 |
_aБраун _bХ. Н. _cхудожник _f1815-1882 _gХэблот Найт _3RU\NLR\AUTH\770205368 _4440 |
|
| 801 | 0 |
_aRU _bNLR _gpsbo |
|
| 801 | 1 |
_aRU _bELAR _2rusmarc |
|
| 852 |
_aNLR _jДл02 В-3/13 |
||
| 942 | _cUNSPEC | ||
| 945 |
_aРоссийская национальная библиотека _aЦентральная городская библиотека Нижнего Новгорода |
||
| 980 | _aBV | ||